| 000 | 00498nam a22001817a 4500 | ||
|---|---|---|---|
| 003 | OSt | ||
| 008 | 241204b |||||||| |||| 00| 0 eng d | ||
| 082 |
_a632.5806 _bN28A |
||
| 100 | _aNational Research Centre for Weed Science | ||
| 245 | _aAnnual Report, 2002 - 03 | ||
| 260 |
_a.- Jabalpur (M. P.) _b: National Research Centre for Weed Science _c, 2003 |
||
| 300 | _aiii,67p. | ||
| 650 | _aAnnual Report | ||
| 650 | _aWeed Science | ||
| 650 | _aNRCWS | ||
| 650 | _aJabalpur | ||
| 942 |
_2ddc _cRP |
||
| 999 |
_c47259 _d47259 |
||